Успешный опыт внедрения полимерного заводнения как метода увелечения нефтеотдачи; Проблемы геологии и освоения недр; Т. 2

Podrobná bibliografie
Parent link:Проблемы геологии и освоения недр=Problems of Geology and Subsurface Development: труды XXVI Международного симпозиума имени академика М. А. Усова студентов и молодых учёных, посвященный 90-летию со дня рождения Н. М. Рассказова, 120-летию со дня рождения Л. Л. Халфина, 50-летию научных молодежных конференций имени академика М. А. Усова, Томск, 4-8 апреля 2022 г./ Национальный исследовательский Томский политехнический университет, Инженерная школа природных ресурсов ; гл. ред. А. С. Боев ; под ред. Е. Ю. Пасечник.— , 2022
Т. 2.— 2022.— [С. 77-79]
Hlavní autor: Хагай Д. Э. Данил Эдуардович
Korporativní autor: Национальный исследовательский Томский политехнический университет Инженерная школа природных ресурсов Отделение нефтегазового дела
Další autoři: Собослаи М. Г. (научный руководитель), Чернова О. С. Оксана Сергеевна
Shrnutí:Заглавие с экрана
Jazyk:ruština
Vydáno: 2022
Edice:Современные технологии разработки нефтяных и газовых месторождений
Témata:
On-line přístup:http://earchive.tpu.ru/handle/11683/73991
Médium: MixedMaterials Elektronický zdroj Kapitola
KOHA link:https://koha.lib.tpu.ru/cgi-bin/koha/opac-detail.pl?biblionumber=635051

MARC

LEADER 00000naa2a2200000 4500
001 635051
005 20251223162528.0
035 |a (RuTPU)RU\TPU\conf\36888 
035 |a RU\TPU\conf\36880 
090 |a 635051 
100 |a 20221101d2022 k y0rusy50 ca 
101 0 |a rus 
102 |a RU 
135 |a drcn ---uucaa 
181 0 |a i  
182 0 |a b 
200 1 |a Успешный опыт внедрения полимерного заводнения как метода увелечения нефтеотдачи  |f Д. Э. Хагай, М. Г. Собослаи  |g науч. рук. О. С. Чернова 
203 |a Текст  |c электронный 
225 1 |a Современные технологии разработки нефтяных и газовых месторождений 
300 |a Заглавие с экрана 
320 |a [Библиогр.: с. 79 (3 назв.)] 
461 1 |0 (RuTPU)RU\TPU\conf\36761  |t Проблемы геологии и освоения недр  |l Problems of Geology and Subsurface Development  |o труды XXVI Международного симпозиума имени академика М. А. Усова студентов и молодых учёных, посвященный 90-летию со дня рождения Н. М. Рассказова, 120-летию со дня рождения Л. Л. Халфина, 50-летию научных молодежных конференций имени академика М. А. Усова, Томск, 4-8 апреля 2022 г.  |o в 2 т.  |f Национальный исследовательский Томский политехнический университет, Инженерная школа природных ресурсов ; гл. ред. А. С. Боев ; под ред. Е. Ю. Пасечник  |d 2022 
463 1 |0 (RuTPU)RU\TPU\conf\36763  |t Т. 2  |v [С. 77-79]  |d 2022 
610 1 |a труды учёных ТПУ 
610 1 |a электронный ресурс 
610 1 |a внедрение 
610 1 |a полимерное заводнение 
610 1 |a методы увеличения 
610 1 |a нефтеотдача 
610 1 |a нефтегазовые залежи 
610 1 |a фильтрационно-емкостные свойства 
700 1 |a Хагай  |b Д. Э.  |g Данил Эдуардович  |f 1992-  |c специалист в области нефтегазового дела  |c старший преподаватель Томского политехнического университета  |y Томск  |9 88929 
701 1 |a Собослаи  |b М. Г. 
702 1 |a Чернова  |b О. С.  |c геолог  |c доцент Томского политехнического университета, кандидат геолого-минералогических наук  |f 1967-  |g Оксана Сергеевна  |4 727 
712 0 2 |a Национальный исследовательский Томский политехнический университет  |b Инженерная школа природных ресурсов  |b Отделение нефтегазового дела  |3 (RuTPU)RU\TPU\col\23546 
801 2 |a RU  |b 63413507  |c 20221205  |g RCR 
850 |a 63413507 
856 4 |u http://earchive.tpu.ru/handle/11683/73991 
942 |c CF